000 00646nam a2200253Ia 4500
001 39720
005 20240114002105.0
007 ta
008 070907s1977 a g b000 u 465 u
020 _a0-333-19395-4
040 _aCotton College,Assam
041 _a465
082 _a824.08
_bBa 34 Sp
100 _aBaylay, Peter .
245 0 _aSpenser: The Faerie Queene /
_cPeter Baylay.
_hTextual Documents
250 _a1st ed /
260 _aLondon :
_bMacmillan Press Ltd ,
_c1977.
300 _bill ;
653 _aEnglish essays
653 _aPG-English
942 _2ddc
_cBK
999 _c39692
_d39692